000 00991nam a22002537a 4500
999 _c64571
_d64571
005 20240530110738.0
008 180910s2006 le g 000 0 ara d
017 _a6682
_bلبنان .دار الكتب اللبنانية
020 _a9959292916
040 _aEG-CaGPL
_cEG-CaGPL
082 0 4 _221
_a214.27 /
_bس ص
100 1 _aسوذرن، ريتشارد
245 1 0 _aصورة الاسلام فى اوربا فى العصور الوسطى /
_cريتشارد سوذرن ؛ ترجمة وتقديم رضوان السيد
250 _aط.1
260 _aبيروت :
_bدار المدار الاسلامى،
_c2006.
300 _a166 ص. ؛
_c20 سم.
650 0 7 _2qrmak
_aالاسلام فى اوربا
650 0 7 _2qrmak
_aالاسلام والديانات الاخرى
650 0 7 _2qrmak
_aالثقافة الاسلامية
651 _2qrmak
700 0 _aرضوان السيد
_eمترجم ومقدم
942 _2ddc
_cBK